000 02093cam a2200349 a 4500
001 13508200
005 20210414114122.0
008 040302s2005 maua b 001 0 eng
010 _a 2004045698
020 _a0072862939 (softcover : alk. paper)
040 _aDLC
_cDLC
_dDLC
050 0 0 _aP90.D4415
082 0 0 _a302.2
_222
100 _aDefleur, Margaret H.
245 0 0 _aFundamentals of human communication : social science in everyday life. /
_cMargaret H. DeFleur ... [et al.].
250 _a3rd ed.
260 _aBoston :
_bMcGraw Hill,
_cc2005.
300 _axv, 454, [26] p. :
_bill. ;
_c24 cm.
500 _aRev. ed. of: Fundamentals of human communication / Melvin L. DeFleur. 2nd. ed. c1998.
504 _aIncludes bibliographical references (p. 453-454) and indexes.
505 _aContents: The Communication process: an overview -- Verbal communication: using speech and language -- Nonverbal communication: communicating without language -- The Importance of listing -- Communicating interpersonally -- Communicating in small groups -- Communicating between cultures -- Presenting yourself effectively -- Overcoming communication apprehension -- Influencing others Coping with conflict -- Using media to communicate interpersonally -- Understanding mass communication -- Professional communication -- Understanding communication research.
650 0 _aCommunication.
700 1 _aKearney, Patricia.
700 1 _aPlax, Timothy G.
700 1 _aDeFleur, Melvin L. (Melvin Lawrence), 1923-
_tFundamentals of human communication.
856 4 2 _3Publisher description
_uhttp://www.loc.gov/catdir/description/mh051/2004045698.html
856 4 1 _3Table of contents
_uhttp://www.loc.gov/catdir/toc/mh051/2004045698.html
856 4 2 _3Contributor biographical information
_uhttp://www.loc.gov/catdir/enhancements/fy0735/2004045698-b.html
906 _a7
_bcbc
_corignew
_d1
_eocip
_f20
_gy-gencatlg
942 _2lcc
_cBK
999 _c2064
_d9564